[Event "North Island-ch"]
[Site "Auckland"]
[Date "2022.07.16"]
[Round "6"]
[White "Fan, Eric"]
[Black "McLeod, Hugh"]
[Result "0-1"]
[WhiteElo "1326"]
[BlackElo "1597"]
[PlyCount "72"]
[EventDate "2022.07.14"]
[EventType "swiss"]
[EventRounds "9"]
[EventCountry "NZL"]
[SourceTitle "EXT 2024"]
[Source "ChessBase"]
[SourceDate "2023.10.10"]
[SourceVersion "1"]
[SourceVersionDate "2023.10.10"]
[SourceQuality "1"]

1. e4 c5 2. Nf3 d6 3. d4 cxd4 4. Nxd4 e5 5. Nb3 Nf6 6. Nc3 a6 7. Be3 Be6 8. Nd2 Be7 9. Bc4 d5 10. exd5 Nxd5 11. Bxd5 Bxd5 12. Nxd5 Qxd5 13. Nf3 Qb5 14. Rb1 Nc6 15. b3 Rd8 16. Nd2 Bb4 17. a4 Qd5 18. f3 0-0 19. c4 Qd3 20. Qe2 Bxd2+ 21. Qxd2 Qxb1+ 22. Qc1 Qxc1+ 23. Bxc1 Rd3 24. 0-0 Rxb3 25. Re1 Rb4 26. Ba3 Rxc4 27. Bxf8 Kxf8 28. Rb1 Rb4 29. Rxb4 Nxb4 30. Kf2 Nd3+ 31. Ke3 Nc5 32. a5 Nb3 33. Ke4 f6 34. Kd5 Ke7 35. Kc4 Nxa5+ 36. Kb4 Nc6+ 0-1

[Event "North Island-ch"]
[Site "Auckland"]
[Date "2022.07.16"]
[Round "5"]
[White "Zhao, Oliver"]
[Black "Fan, Eric"]
[Result "0-1"]
[WhiteElo "1216"]
[BlackElo "1326"]
[PlyCount "70"]
[EventDate "2022.07.14"]
[EventType "swiss"]
[EventRounds "9"]
[EventCountry "NZL"]
[SourceTitle "EXT 2024"]
[Source "ChessBase"]
[SourceDate "2023.10.10"]
[SourceVersion "1"]
[SourceVersionDate "2023.10.10"]
[SourceQuality "1"]

1. e4 c5 2. Nf3 e6 3. Nc3 Nc6 4. Be2 a6 5. 0-0 Qc7 6. d3 Nf6 7. h3 Be7 8. Be3 0-0 9. Qd2 d6 10. Rad1 Bd7 11. d4 cxd4 12. Nxd4 Rac8 13. f4 e5 14. Nf3 Rfd8 15. Bd3 Nb4 16. a3 Nxd3 17. cxd3 Bc6 18. Rc1 Qb8 19. Qf2 Nh5 20. Ba7 Qa8 21. fxe5 dxe5 22. Nxe5 Bf6 23. Nxc6 Rxc6 24. e5 Bxe5 25. Qxf7+ Kh8 26. Kh1 Ng3+ 27. Kg1 Qxa7+ 28. d4 Bxd4+ 29. Kh2 Nxf1+ 30. Rxf1 Rf6 31. Rxf6 Bxf6 32. Ne4 Qb8+ 33. Kg1 Qf4 34. Nf2 Rd1+ 35. Nxd1 Bd4+ 0-1

[Event "North Island-ch"]
[Site "Auckland"]
[Date "2022.07.15"]
[Round "3"]
[White "Fan, Eric"]
[Black "Pan, Alexander Hanrui"]
[Result "1/2-1/2"]
[WhiteElo "1326"]
[BlackElo "1324"]
[PlyCount "107"]
[EventDate "2022.07.14"]
[EventType "swiss"]
[EventRounds "9"]
[EventCountry "NZL"]
[SourceTitle "EXT 2024"]
[Source "ChessBase"]
[SourceDate "2023.10.10"]
[SourceVersion "1"]
[SourceVersionDate "2023.10.10"]
[SourceQuality "1"]

1. e4 c6 2. d4 d5 3. exd5 cxd5 4. Nf3 Bg4 5. Be3 e6 6. h3 Bh5 7. Be2 Nf6 8. Nbd2 Qb6 9. Nb3 Nc6 10. c3 Bd6 11. Ng5 Bg6 12. Bd3 Bxd3 13. Qxd3 h6 14. Nf3 Qc7 15. Rc1 Na5 16. Qb5+ Nc6 17. Nc5 b6 18. Nb3 0-0 19. 0-0 a6 20. Qd3 b5 21. Rfe1 Na5 22. Nxa5 Qxa5 23. a3 Qc7 24. Bd2 Nd7 25. Re2 Rfe8 26. Rce1 Rac8 27. Ne5 Nxe5 28. dxe5 Bc5 29. b4 Bb6 30. Qg3 Kh7 31. Qd3+ Kh8 32. Be3 Bxe3 33. Rxe3 Qc4 34. Qxc4 Rxc4 35. Rd3 Rec8 36. Rc1 d4 37. Kf1 Kg8 38. Ke2 Kf8 39. Kd2 dxc3+ 40. Rcxc3 R4c6 41. Rxc6 Rxc6 42. Rc3 Rxc3 43. Kxc3 Ke7 44. Kd4 Kd7 45. Kc5 Kc7 46. f4 f6 47. g3 f5 48. g4 g6 49. gxf5 gxf5 50. h4 h5 51. Kd4 Kc6 52. Kc3 Kb6 53. Kd4 Kc6 54. Kc3 1/2-1/2

[Event "North Island-ch"]
[Site "Auckland"]
[Date "2022.07.15"]
[Round "4"]
[White "Fan, Eric"]
[Black "Tao, Junqing Jerome"]
[Result "1/2-1/2"]
[WhiteElo "1326"]
[BlackElo "1224"]
[PlyCount "154"]
[EventDate "2022.07.14"]
[EventType "swiss"]
[EventRounds "9"]
[EventCountry "NZL"]
[SourceTitle "EXT 2024"]
[Source "ChessBase"]
[SourceDate "2023.10.10"]
[SourceVersion "1"]
[SourceVersionDate "2023.10.10"]
[SourceQuality "1"]

1. e4 e5 2. Nf3 Nc6 3. Bc4 Bc5 4. c3 Nf6 5. d3 h6 6. h3 d6 7. a4 a5 8. Nbd2 b6 9. Nb3 Bb7 10. Nxc5 bxc5 11. Be3 Ba6 12. Bb3 Rb8 13. 0-0 Bxd3 14. Bxf7+ Kxf7 15. Qxd3 Rxb2 16. Nh4 Ne7 17. Qc4+ Ke8 18. Rfb1 Qb8 19. Rxb2 Qxb2 20. Ra2 Qb1+ 21. Kh2 Qxe4 22. Qb5+ Nd7 23. Nf3 Nd5 24. Qxa5 Nxe3 25. fxe3 Ke7 26. Rd2 Qxe3 27. Qxc7 Qf4+ 28. Kh1 Qf6 29. a5 e4 30. Re2 Qf5 31. a6 Kf6 32. Qxd6+ Kf7 33. Ng1 Ra8 34. Qc6 Ra7 35. Rxe4 Rxa6 36. Qxa6 Qxe4 37. Qa7 Qe7 38. Nf3 g6 39. Qa2+ Qe6 40. Qf2 Qf6 41. c4 Kg7 42. Qd2 Ne5 43. Nxe5 Qxe5 44. Qd7+ Kf6 45. Qd8+ Kf5 46. Qf8+ Kg5 47. h4+ Kh5 48. Qf3+ Kxh4 49. Qf2+ Kg5 50. Qd2+ Kh5 51. Qd1+ Kh4 52. Qc1 g5 53. Qg1 g4 54. Qf2+ g3 55. Qf1 Qd4 56. Qc1 h5 57. Qf1 Qf2 58. Qb1 Qe2 59. Qc1 Kg4 60. Qb1 Qxc4 61. Qg6+ Kf4 62. Qf6+ Ke3 63. Qf3+ Kd2 64. Qxg3 Qf1+ 65. Kh2 c4 66. Qg5+ Kc2 67. Qa5 c3 68. Qa2+ Kd1 69. Qa1+ Ke2 70. Qxc3 Qf4+ 71. Qg3 Qh6 72. Qe5+ Kd3 73. Kh3 Qe3+ 74. Qg3 Ke4 75. Kh4 Qf4+ 76. Qxf4+ Kxf4 77. Kxh5 Kg3 1/2-1/2

[Event "North Island-ch"]
[Site "Auckland"]
[Date "2022.07.14"]
[Round "1"]
[White "Wang, Daniel3"]
[Black "Fan, Eric"]
[Result "1-0"]
[WhiteElo "1648"]
[BlackElo "1326"]
[PlyCount "59"]
[EventDate "2022.07.14"]
[EventType "swiss"]
[EventRounds "9"]
[EventCountry "NZL"]
[SourceTitle "EXT 2024"]
[Source "ChessBase"]
[SourceDate "2023.10.10"]
[SourceVersion "1"]
[SourceVersionDate "2023.10.10"]
[SourceQuality "1"]

1. d4 d5 2. c4 c6 3. Nf3 Nf6 4. Nc3 e6 5. e3 Bd6 6. Be2 Nbd7 7. 0-0 0-0 8. b3 Re8 9. Bb2 a6 10. Qc2 Nf8 11. Rfd1 Ng6 12. e4 dxe4 13. Nxe4 Nxe4 14. Qxe4 Bd7 15. Ne5 Nxe5 16. dxe5 Bc5 17. Rd3 Re7 18. Rh3 h6 19. Bd3 Kf8 20. Qh7 Re8 21. Qh8+ Ke7 22. Qxg7 Rg8 23. Qf6+ Ke8 24. Qxh6 Bc8 25. Bh7 Rf8 26. Rd3 Qb6 27. Rad1 Be7 28. Bc1 Qc5 29. Bg5 Qxe5 30. Rd8+ 1-0